| 000 | 00518nam a2200181 a 4500 | ||
|---|---|---|---|
| 001 | 000020998 | ||
| 005 | 20200930011216.0 | ||
| 008 | 100828s1951 xxu r 000 0 spa d | ||
| 040 |
_aDO-SdBNP _bspa _cBNPHU |
||
| 082 |
_a252 _bS772s |
||
| 100 | 1 |
_aSpurgeon, C. H., _943952 |
|
| 245 | 1 | 0 |
_aSermones doctrinales / _cC.H. Spurgeon. |
| 260 |
_aEl paso, Texas : _bCasa Bautista de Publicaciones, _c1951. |
||
| 300 |
_a182 p. ; _c20 cm. |
||
| 650 | 4 |
_aSermones _96631 |
|
| 650 | 4 |
_aSermones bĂblicos _939858 |
|
| 049 | _aBNGR | ||
| 999 |
_c20501 _d20501 |
||